[Event "CZE-chTE U20 1112"]
[Site "Czech Republic"]
[Date "2011.10.16"]
[Round "3.5"]
[White "Slaba, Lenka"]
[Black "Cesenek, Jan"]
[Result "0-1"]
[WhiteElo "1299"]
[BlackElo "1708"]
[PlyCount "112"]
[EventDate "2011.10.15"]
[EventType "team-tourn"]
[EventRounds "7"]
[EventCountry "CZE"]
[SourceTitle "EXT 2013"]
[Source "ChessBase"]
[SourceDate "2012.11.22"]
[SourceVersion "1"]
[SourceVersionDate "2012.11.22"]
[SourceQuality "1"]
[WhiteTeam "Borsice"]
[BlackTeam "Policka"]
[WhiteTeamCountry "CZE"]
[BlackTeamCountry "CZE"]

1. e4 c5 2. Nf3 d6 3. Nc3 Nc6 4. d4 cxd4 5. Nxd4 Nf6 6. Nxc6 bxc6 7. Bd3 g6 8. h3 Bg7 9. Bd2 Rb8 10. Qc1 0-0 11. a3 Be6 12. b4 Qc7 13. Bh6 Rfc8 14. Bxg7 Kxg7 15. Rb1 a5 16. 0-0 d5 17. exd5 cxd5 18. Ne2 Bd7 19. Qf4 e5 20. Qd2 axb4 21. axb4 Qd6 22. Ng3 Bb5 23. Rfc1 Bxd3 24. cxd3 Rxc1+ 25. Qxc1 Rxb4 26. Rxb4 Qxb4 27. Qe3 Qc3 28. Qe2 Qc1+ 29. Qf1 Qxf1+ 30. Kxf1 Nd7 31. f3 f5 32. Kf2 Nc5 33. Ke2 f4 34. Nf1 Nb3 35. Kd1 Kf6 36. Kc2 Nd4+ 37. Kd2 Kf5 38. Ke1 Nb3 39. Ke2 Kg5 40. Ke1 Kh4 41. Kf2 Nc1 42. Ke1 Nxd3+ 43. Kd2 e4 44. fxe4 dxe4 45. Ke2 g5 46. Nd2 Nc5 47. Kf1 Kg3 48. Nc4 f3 49. Ne3 fxg2+ 50. Nxg2 Kxh3 51. Ne3 g4 52. Kg1 h5 53. Nf5 Ne6 54. Kf2 h4 55. Nd6 Ng5 56. Nf5 g3+ 0-1

[Event "CZE-chTE U20 1112"]
[Site "Czech Republic"]
[Date "2011.10.15"]
[Round "2.5"]
[White "Krcil, Ales1"]
[Black "Slaba, Lenka"]
[Result "1-0"]
[WhiteElo "1737"]
[BlackElo "1299"]
[PlyCount "61"]
[EventDate "2011.10.15"]
[EventType "team-tourn"]
[EventRounds "7"]
[EventCountry "CZE"]
[SourceTitle "EXT 2013"]
[Source "ChessBase"]
[SourceDate "2012.11.22"]
[SourceVersion "1"]
[SourceVersionDate "2012.11.22"]
[SourceQuality "1"]
[WhiteTeam "Namest nad Oslavou"]
[BlackTeam "Borsice"]
[WhiteTeamCountry "CZE"]
[BlackTeamCountry "CZE"]

1. e4 e5 2. Nf3 Nc6 3. Nc3 Nf6 4. d4 exd4 5. Nxd4 d6 6. Bg5 Be7 7. Bc4 0-0 8. h4 h6 9. Nxc6 bxc6 10. Bf4 Qd7 11. Qd2 Qg4 12. f3 Qg6 13. 0-0-0 Nh5 14. g4 Nxf4 15. Qxf4 Qf6 16. Qg3 Qe5 17. f4 Qc5 18. Bb3 Be6 19. g5 hxg5 20. hxg5 Bxg5 21. fxg5 Rfd8 22. Qh4 Kf8 23. Bxe6 fxe6 24. Qh8+ Kf7 25. Rdf1+ Qf5 26. Rxf5+ exf5 27. Qh5+ Ke6 28. Qg6+ Ke5 29. Qxf5+ Kd4 30. Rd1+ Kc4 31. Qa5 1-0

[Event "CZE-ch U16 Girls"]
[Site "Kouty nad Desnou"]
[Date "2011.03.18"]
[Round "8"]
[White "Frgalova, Hana"]
[Black "Slaba, Lenka"]
[Result "0-1"]
[WhiteElo "1378"]
[BlackElo "1333"]
[PlyCount "137"]
[EventDate "2011.03.12"]
[EventType "swiss"]
[EventRounds "9"]
[EventCountry "CZE"]
[SourceTitle "EXT 2014"]
[Source "ChessBase"]
[SourceDate "2013.11.20"]
[SourceVersion "1"]
[SourceVersionDate "2013.11.20"]
[SourceQuality "1"]

1. d4 d5 2. Nf3 Nc6 3. c4 Nf6 4. Bg5 e6 5. e3 Be7 6. Nc3 h6 7. Bh4 0-0 8. a3 Nh7 9. Bxe7 Nxe7 10. Bd3 Nf6 11. Ne5 Nc6 12. 0-0 dxc4 13. Nxc6 bxc6 14. Bxc4 Nd5 15. Ne2 a5 16. Qc2 Ba6 17. e4 Bxc4 18. Qxc4 Nb6 19. Qxc6 Qd6 20. Qc3 Rfb8 21. b3 Nd7 22. e5 Qb6 23. Rab1 c5 24. dxc5 Qxc5 25. Qxc5 Nxc5 26. Nd4 Nd3 27. f4 Rb6 28. Rf3 Nc5 29. Kf1 Rab8 30. g3 Ne4 31. Ke1 Kf8 32. Re3 Nc5 33. Kf2 Rd8 34. Rc1 Rc8 35. Kf3 Rbb8 36. Rec3 Rd8 37. Rxc5 Rxd4 38. Rc8+ Rxc8 39. Rxc8+ Ke7 40. Ke3 Rd5 41. Rc7+ Ke8 42. a4 Kf8 43. Rc4 Ke7 44. b4 axb4 45. Rxb4 Kd8 46. Rb5 Rxb5 47. axb5 Kc7 48. Kd4 Kb6 49. Kc4 h5 50. h3 g6 51. g4 hxg4 52. hxg4 Kb7 53. Kc5 Kc7 54. b6+ Kb7 55. Kd6 Kxb6 56. Ke7 Kc5 57. Kxf7 Kd4 58. Kxe6 Ke4 59. Kf6 Kxf4 60. g5 Ke4 61. e6 Kf4 62. e7 Kg4 63. e8Q Kf3 64. Kxg6 Kf4 65. Qe6 Kf3 66. Kf5 Kg3 67. Qe4 Kf2 68. Kf4 Kg1 69. Kf3 0-1

[Event "CZE-ch U16 Girls"]
[Site "Kouty nad Desnou"]
[Date "2011.03.17"]
[Round "7"]
[White "Slaba, Lenka"]
[Black "Mullerova, Katerina"]
[Result "0-1"]
[WhiteElo "1333"]
[BlackElo "1383"]
[PlyCount "78"]
[EventDate "2011.03.12"]
[EventType "swiss"]
[EventRounds "9"]
[EventCountry "CZE"]
[SourceTitle "EXT 2014"]
[Source "ChessBase"]
[SourceDate "2013.11.20"]
[SourceVersion "1"]
[SourceVersionDate "2013.11.20"]
[SourceQuality "1"]

1. e4 e5 2. Nf3 Nc6 3. Bb5 a6 4. Bxc6 dxc6 5. Nc3 Bd6 6. h3 Be6 7. d3 Nf6 8. 0-0 h6 9. Be3 0-0 10. Na4 Nd7 11. a3 f5 12. exf5 Bxf5 13. Nc3 Qf6 14. Rb1 Bxh3 15. gxh3 Qxf3 16. Qxf3 Rxf3 17. Kg2 Rf6 18. Rg1 Rg6+ 19. Kh1 Rxg1+ 20. Rxg1 Kh7 21. d4 exd4 22. Bxd4 Be5 23. Bxe5 Nxe5 24. Na4 Rd8 25. Re1 Ng6 26. c3 Rd5 27. b4 b6 28. Kg2 Rg5+ 29. Kh1 Re5 30. Rxe5 Nxe5 31. Kg2 Nc4 32. Kf3 Kg6 33. Kg4 Nxa3 34. h4 h5+ 35. Kf4 Kf6 36. f3 Nc4 37. Ke4 g5 38. hxg5+ Kxg5 39. Kd4 h4 0-1

[Event "CZE-ch U16 Girls"]
[Site "Kouty nad Desnou"]
[Date "2011.03.15"]
[Round "5"]
[White "Slaba, Lenka"]
[Black "Zitna, Aneta"]
[Result "1/2-1/2"]
[WhiteElo "1333"]
[BlackElo "1250"]
[PlyCount "37"]
[EventDate "2011.03.12"]
[EventType "swiss"]
[EventRounds "9"]
[EventCountry "CZE"]
[SourceTitle "EXT 2014"]
[Source "ChessBase"]
[SourceDate "2013.11.20"]
[SourceVersion "1"]
[SourceVersionDate "2013.11.20"]
[SourceQuality "1"]

1. e4 e5 2. Nf3 Nc6 3. Bb5 d6 4. h3 Nf6 5. Nc3 Bd7 6. 0-0 Be7 7. d3 0-0 8. Re1 a6 9. Bxc6 Bxc6 10. Bd2 Re8 11. d4 exd4 12. Nxd4 Qd7 13. Qf3 Bf8 14. Nd5 Bxd5 15. exd5 Re5 16. c4 Rc8 17. Rxe5 dxe5 18. Nc2 Bc5 19. Be3 1/2-1/2

[Event "CZE-ch U16 Girls"]
[Site "Kouty nad Desnou"]
[Date "2011.03.12"]
[Round "1"]
[White "Slaba, Lenka"]
[Black "Johnova, Eliska"]
[Result "0-1"]
[WhiteElo "1333"]
[BlackElo "1758"]
[PlyCount "104"]
[EventDate "2011.03.12"]
[EventType "swiss"]
[EventRounds "9"]
[EventCountry "CZE"]
[SourceTitle "EXT 2014"]
[Source "ChessBase"]
[SourceDate "2013.11.20"]
[SourceVersion "1"]
[SourceVersionDate "2013.11.20"]
[SourceQuality "1"]

1. e4 e6 2. d4 d5 3. e5 c5 4. Nf3 Nc6 5. Nc3 Bd7 6. Be3 cxd4 7. Bxd4 Nxd4 8. Qxd4 Qc7 9. Qd3 Bb4 10. Be2 Rc8 11. 0-0 Bxc3 12. bxc3 Qxc3 13. Qxc3 Rxc3 14. Bd3 Ne7 15. Nd4 0-0 16. Rfe1 a6 17. h3 Rfc8 18. a4 Nc6 19. Nf3 Nb4 20. Reb1 Nxd3 21. cxd3 b5 22. axb5 Bxb5 23. d4 h6 24. Re1 Ra8 25. Rac1 Rc4 26. Rb1 g5 27. Red1 Ba4 28. Rd2 Rc2 29. Rxc2 Bxc2 30. Rc1 Bd3 31. Rc3 Be2 32. Nd2 Kg7 33. Re3 Bc4 34. Rc3 Bb5 35. Rb3 Rc8 36. Ra3 Rc1+ 37. Kh2 Rc2 38. Nf3 Rxf2 39. Kg3 Rc2 40. Ne1 Rd2 41. Nf3 Rd3 42. Rxd3 Bxd3 43. Nd2 Bc2 44. Kf2 a5 45. Ke1 a4 46. Nb1 Bxb1 47. Kd1 a3 48. Kc1 a2 49. Kb2 Kg6 50. g4 h5 51. Ka1 hxg4 52. hxg4 f5 0-1

[Event "CZE-chTE U20 0910"]
[Site "Czech Republic"]
[Date "2010.01.23"]
[Round "6.6"]
[White "Pribyl, Radek"]
[Black "Slaba, Lenka"]
[Result "1-0"]
[WhiteElo "1761"]
[BlackElo "1297"]
[PlyCount "73"]
[EventDate "2009.10.03"]
[EventType "team-tourn"]
[EventRounds "7"]
[EventCountry "CZE"]
[SourceTitle "EXT 2011"]
[Source "ChessBase"]
[SourceDate "2010.11.26"]
[SourceVersion "1"]
[SourceVersionDate "2010.11.26"]
[SourceQuality "1"]
[WhiteTeam "Brno (U20)"]
[BlackTeam "Borsice (U20)"]
[WhiteTeamCountry "CZE"]
[BlackTeamCountry "CZE"]

1. e4 e5 2. Nf3 Nc6 3. d4 exd4 4. Bc4 d6 5. Nxd4 Bd7 6. 0-0 Nf6 7. Nc3 Be7 8. Re1 0-0 9. Nd5 Na5 10. Bd3 h6 11. Nxe7+ Qxe7 12. Nf5 Bxf5 13. exf5 Qd7 14. Bxh6 Kh7 15. Bg5 Qd8 16. Re3 Kg8 17. Rh3 Nc6 18. Bxf6 Qxf6 19. Qh5 Qh6 20. Qxh6 gxh6 21. Rxh6 Kg7 22. Rh3 Rh8 23. Rxh8 Rxh8 24. Re1 Kf6 25. f4 Rg8 26. h3 Rh8 27. Re3 Kg7 28. g4 f6 29. Kg2 d5 30. Kg3 Kf7 31. h4 a6 32. g5 fxg5 33. fxg5 Rg8 34. Kg4 b5 35. g6+ Kf6 36. Re6+ Kg7 37. Rxc6 1-0

[Event "CZE-ch U14 Girls"]
[Site "Kouty nad Desnou"]
[Date "2009.03.11"]
[Round "6"]
[White "Slaba, Lenka"]
[Black "Mullerova, Katerina"]
[Result "1/2-1/2"]
[WhiteElo "1250"]
[BlackElo "1250"]
[PlyCount "48"]
[EventDate "2009.03.07"]
[EventType "swiss"]
[EventRounds "9"]
[EventCountry "CZE"]
[SourceTitle "EXT 2011"]
[Source "ChessBase"]
[SourceDate "2010.11.26"]
[SourceVersion "1"]
[SourceVersionDate "2010.11.26"]
[SourceQuality "1"]

1. e4 e5 2. Nf3 Nc6 3. Bb5 a6 4. Bxc6 dxc6 5. Nc3 Bg4 6. h3 Bh5 7. 0-0 Bd6 8. Qe2 Nf6 9. Qe3 0-0 10. Re1 Re8 11. d3 h6 12. Nh4 Nd5 13. Qg3 Nf4 14. Nf3 Re6 15. Nh4 Be7 16. Qh2 Bxh4 17. g3 Rg6 18. Kf1 Bxg3 19. fxg3 Ne6 20. Kg1 Nd4 21. Rf1 Rf6 22. Rxf6 Qxf6 23. Qg2 Nf3+ 24. Kh1 Ne1 1/2-1/2

[Event "CZE-ch U12 Girls"]
[Site "Sec u Chrudimi"]
[Date "2007.03.16"]
[Round "8"]
[White "Slaba, Lenka"]
[Black "Blechova, Lenka"]
[Result "0-1"]
[WhiteElo "1250"]
[BlackElo "1250"]
[PlyCount "122"]
[EventDate "2007.03.10"]
[EventType "swiss"]
[EventRounds "9"]
[EventCountry "CZE"]
[SourceTitle "EXT 2008"]
[Source "ChessBase"]
[SourceDate "2007.11.25"]
[SourceVersion "1"]
[SourceVersionDate "2007.11.25"]
[SourceQuality "1"]

1. e4 e5 2. Nf3 Nc6 3. Nc3 Nf6 4. Be2 Be7 5. 0-0 0-0 6. d3 h6 7. a3 d6 8. h3 d5 9. exd5 Nxd5 10. Nxd5 Qxd5 11. c4 Qe6 12. Re1 Qg6 13. g3 Bxh3 14. Be3 Kh8 15. d4 e4 16. Ne5 Nxe5 17. dxe5 Bh4 18. Bf4 Rad8 19. Qc2 f5 20. Rad1 Bg5 21. Bxg5 Qxg5 22. Rxd8 Rxd8 23. Qc3 f4 24. Kh2 Bf5 25. Rd1 Rxd1 26. Bxd1 e3 27. Qe1 exf2 28. Qxf2 fxg3+ 29. Qxg3 Qd2+ 30. Qg2 Qxd1 31. Qg1 Qh5+ 32. Kg2 Qe2+ 33. Qf2 Bh3+ 34. Kg1 Qxe5 35. Kh1 Qe4+ 36. Kh2 Be6 37. b3 Qb1 38. Qf8+ Kh7 39. Qf2 Qxb3 40. Qe2 Qh3+ 41. Kg1 Qg3+ 42. Qg2 Qe3+ 43. Qf2 Qc1+ 44. Qf1 Qxf1+ 45. Kxf1 g5 46. c5 Kg6 47. Ke2 g4 48. Kf2 Kg5 49. Kg3 h5 50. Kg2 h4 51. Kh2 b6 52. cxb6 axb6 53. a4 Kf4 54. Kg2 c5 55. Kf2 h3 56. Kg1 c4 57. Kf2 g3+ 58. Ke1 h2 59. Kd2 h1Q 60. Kc3 Qf3+ 61. Kb4 Qb3# 0-1

[Event "CZE-ch U12 Girls"]
[Site "Sec u Chrudimi"]
[Date "2007.03.14"]
[Round "6"]
[White "Slaba, Lenka"]
[Black "Petrova, Jana"]
[Result "1-0"]
[WhiteElo "1250"]
[BlackElo "1250"]
[PlyCount "73"]
[EventDate "2007.03.10"]
[EventType "swiss"]
[EventRounds "9"]
[EventCountry "CZE"]
[SourceTitle "EXT 2008"]
[Source "ChessBase"]
[SourceDate "2007.11.25"]
[SourceVersion "1"]
[SourceVersionDate "2007.11.25"]
[SourceQuality "1"]

1. e4 e5 2. Nf3 Nc6 3. Nc3 Nf6 4. Bc4 Bc5 5. d3 0-0 6. 0-0 d6 7. h3 Be6 8. Bd5 Ne7 9. Bxe6 fxe6 10. Ng5 Qd7 11. Nf3 d5 12. Bg5 Nh5 13. Bxe7 Qxe7 14. d4 exd4 15. Nxd4 Nf4 16. Nde2 Qg5 17. Nxf4 Qxf4 18. Qf3 Qh4 19. Qe2 Rf4 20. Na4 Bd4 21. c3 Be5 22. Nc5 h5 23. Nd7 Bd6 24. exd5 Rg4 25. Qf3 Rd8 26. Rae1 e5 27. Nxe5 Rf8 28. Qd3 Rxg2+ 29. Kxg2 Qg5+ 30. Qg3 Qh6 31. Qg6 Qd2 32. Qe6+ Kh7 33. Re3 Bc5 34. Rf3 Qg5+ 35. Rg3 Qd2 36. Qg6+ Kg8 37. Qxg7# 1-0

[Event "CZE-ch U12 Girls"]
[Site "Sec u Chrudimi"]
[Date "2007.03.10"]
[Round "1"]
[White "Marikova, Jana"]
[Black "Slaba, Lenka"]
[Result "1-0"]
[WhiteElo "1413"]
[BlackElo "1250"]
[PlyCount "85"]
[EventDate "2007.03.10"]
[EventType "swiss"]
[EventRounds "9"]
[EventCountry "CZE"]
[SourceTitle "EXT 2008"]
[Source "ChessBase"]
[SourceDate "2007.11.25"]
[SourceVersion "1"]
[SourceVersionDate "2007.11.25"]
[SourceQuality "1"]

1. d4 d6 2. c4 Nc6 3. Nc3 e5 4. d5 Nd4 5. e3 Nf5 6. e4 Nh4 7. g3 Ng6 8. Nge2 Nf6 9. Qd3 Be7 10. f4 exf4 11. gxf4 Nh4 12. Bd2 Bg4 13. 0-0-0 0-0 14. Rg1 Nf3 15. Rg2 Nh4 16. Rg3 Bf3 17. Bh3 Nh5 18. Rxf3 Nxf3 19. Qxf3 Nf6 20. e5 Nd7 21. e6 Nb6 22. exf7+ Rxf7 23. Be6 Qf8 24. Bxf7+ Qxf7 25. Qd3 c6 26. Rg1 cxd5 27. Nxd5 Nd7 28. Bc3 Bf6 29. Nxf6+ Nxf6 30. Qxd6 Kh8 31. Bxf6 gxf6 32. Qd5 Qxd5 33. cxd5 Rc8+ 34. Kd2 Rd8 35. Nc3 a6 36. Re1 b5 37. a3 Kg8 38. Re6 Kf7 39. Rxa6 b4 40. axb4 Kg6 41. b5 Kf5 42. Ke3 Re8+ 43. Kf3 1-0